| 000 | 00716nam a22002417a 4500 | ||
|---|---|---|---|
| 999 |
_c5888 _d5888 |
||
| 003 | AR-CdUCM | ||
| 008 | 190313b ||||| |||| 00| 0 -pt d | ||
| 040 |
_aMUNICIPALIDAD PROVINCIAL DEL CUSCO _cBIBLIOTECA MUNICIPAL DEL CUSCO |
||
| 082 |
_a301 / _bC51 |
||
| 100 |
_aChaves, Helio _911487 |
||
| 245 | _aSociología da Historia / | ||
| 260 |
_aPetropolis : _bArtes gráficas impresora, _c1953 |
||
| 300 |
_a33 paginas ; _c18 cm. |
||
| 500 | _aDonación familia Nieto | ||
| 505 | _aContenido :Historia de la sociología / | ||
| 650 |
_aPolítica _9291 |
||
| 650 |
_aEconomía _9382 |
||
| 650 |
_aHistoria _9136 |
||
| 650 |
_aEducación _9460 |
||
| 650 |
_aCultura _9126 |
||
| 942 |
_2ddc _cLIBROS |
||
| 945 | _arjall | ||